|
|
|
|
| LEADER |
00000cam a22000004a 4500 |
| 001 |
musev2_20799 |
| 003 |
MdBmJHUP |
| 005 |
20230905042223.0 |
| 006 |
m o d |
| 007 |
cr||||||||nn|n |
| 008 |
130301t20132013inu o 00 0 eng d |
| 020 |
|
|
|a 9780268086893
|
| 020 |
|
|
|z 9780268035297
|
| 035 |
|
|
|a (OCoLC)828734994
|
| 040 |
|
|
|a MdBmJHUP
|c MdBmJHUP
|
| 100 |
1 |
|
|a Moore, Brenna.
|
| 245 |
1 |
0 |
|a Sacred Dread :
|b Raïssa Maritain, the Allure of Suffering, and the French Catholic Revival (1905-1944) /
|c Brenna Moore.
|
| 264 |
|
1 |
|a Notre Dame, Indiana :
|b University of Notre Dame Press,
|c [2013]
|
| 264 |
|
3 |
|a Baltimore, Md. :
|b Project MUSE,
|c 2013
|
| 264 |
|
4 |
|c ©[2013]
|
| 300 |
|
|
|a 1 online resource (288 pages).
|
| 336 |
|
|
|a text
|b txt
|2 rdacontent
|
| 337 |
|
|
|a computer
|b c
|2 rdamedia
|
| 338 |
|
|
|a online resource
|b cr
|2 rdacarrier
|
| 505 |
0 |
|
|a Introduction : Vicarious Suffering, Its Interpretive Limits, and Raïssa Maritain's Work -- That "Strange Thing, So Unknown to Us - Catholicism" : Steps to Conversion (1900-1906) -- "She Who Weeps" : Feminized Suffering in the Thought of Léon Bloy and the Maritains (1906-35) -- Building a New Tribe in the Gathering Storm : Raïssa Maritian the Complexity of Interwar Philo-Semitism (1923-39) -- Poetry "in the Storm of Life" : Art, Mysticism, and Politics at Meudon (1931-39) -- Holy Suffering, Memory, and the Irredeemable Present : Raïssa Maritain in Exile (1940-44) -- Conclusion : Raïssa Maritain's Posthumous Presence and the Allure of Suffering Reconsidered.
|
| 520 |
|
|
|a In early twentieth-century France, a vast network of artists, writers, and religious seekers were drawn to Roman Catholicism's elaborate panoply of symbols centered on suffering. A preoccupation with affliction dominated the movement now known as the French Catholic revival, or the renouveau catholique - a movement considered a watershed in the history of the modern Catholic Church and the "golden age" of French Catholicism. In this book, the author examines the life and writings of Raïssa Maritain (1883-1960), one of the few women to contribute to this intellectual movement. The author explores the reasons why Maritain, a nonpracticing Jew, was attracted to this suffering-centered theological imagination and how she and other advocates transformed it in the wake of the Holocaust. This book offers readers a new understanding of a radical Catholic piety that was embraced by a wide range of pre-war intellectuals.
|
| 588 |
|
|
|a Description based on print version record.
|
| 600 |
1 |
7 |
|a Maritain, Raïssa.
|2 fast
|0 (OCoLC)fst00158736
|
| 600 |
1 |
0 |
|a Maritain, Raïssa.
|
| 610 |
2 |
7 |
|a Catholic Church.
|2 fast
|0 (OCoLC)fst00531720
|
| 610 |
2 |
6 |
|a Église catholique
|x Histoire
|y 20e siecle.
|
| 610 |
2 |
0 |
|a Catholic Church
|z France
|x History
|y 20th century.
|
| 650 |
|
7 |
|a Suffering
|x Religious aspects
|x Catholic Church.
|2 fast
|0 (OCoLC)fst01137162
|
| 650 |
|
7 |
|a Intellectual life.
|2 fast
|0 (OCoLC)fst00975769
|
| 650 |
|
7 |
|a Authors, French.
|2 fast
|0 (OCoLC)fst00822016
|
| 650 |
|
6 |
|a Écrivains français
|y 20e siecle
|v Biographies.
|
| 650 |
|
0 |
|a Authors, French
|y 20th century
|v Biography.
|
| 650 |
|
0 |
|a Suffering
|x Religious aspects
|x Catholic Church.
|
| 651 |
|
7 |
|a France.
|2 fast
|0 (OCoLC)fst01204289
|
| 651 |
|
6 |
|a France
|x Vie intellectuelle
|y 20e siecle.
|
| 651 |
|
0 |
|a France
|x Intellectual life
|y 20th century.
|
| 655 |
|
7 |
|a History
|2 fast
|0 (OCoLC)fst01411628
|
| 655 |
|
7 |
|a Biographies.
|2 fast
|0 (OCoLC)fst01919896
|
| 655 |
|
7 |
|a Electronic books.
|2 local
|
| 710 |
2 |
|
|a Project Muse.
|e distributor
|
| 830 |
|
0 |
|a Book collections on Project MUSE.
|
| 856 |
4 |
0 |
|z Texto completo
|u https://projectmuse.uam.elogim.com/book/20799/
|
| 945 |
|
|
|a Project MUSE - Custom Collection
|
| 945 |
|
|
|a Project MUSE - 2013 History
|
| 945 |
|
|
|a Project MUSE - 2013 Complete
|